[Event "Wch Blitz (Women)"]
[Site "St Petersburg"]
[Date "2018.12.29"]
[Round "1"]
[White "Sudakova, Irina"]
[Black "Tomashevskaya, Lidia"]
[Result "1-0"]
[WhiteElo "2313"]
[BlackElo "2123"]
[PlyCount "69"]
[EventDate "2018.12.29"]
[EventType "swiss (blitz)"]
[EventRounds "17"]
[EventCountry "RUS"]
[SourceTitle "CBM 187 Extra"]
[Source "ChessBase"]
[SourceDate "2018.11.04"]
[SourceVersion "1"]
[SourceVersionDate "2018.11.04"]
[SourceQuality "1"]

1. e4 e5 2. Nf3 Nc6 3. Nc3 Nf6 4. g3 Bc5 5. Bg2 d6 6. 0-0 h6 7. d3 0-0 8. Na4 Bb6 9. Nxb6 axb6 10. h3 Re8 11. Kh2 d5 12. exd5 Nxd5 13. a3 Bf5 14. Nh4 Bh7 15. Qf3 Nf4 16. Bxf4 exf4 17. Qxf4 g5 18. Qg4 Ne5 19. Qh5 gxh4 20. Qxh6 Re6 21. Qxh4 Qxh4 22. gxh4 Ra4 23. f4 Nc6 24. Rf2 Rh6 25. Kg3 Nd4 26. Rg1 Nf5+ 27. Kh2 Nxh4 28. Bc6+ Kf8 29. Bxa4 Bf5 30. Rg5 Be6 31. f5 Bd5 32. Kg3 c6 33. Bb3 Bh1 34. Rg4 Nf3 35. Rxf3 1-0

[Event "Wch Rapid (Women)"]
[Site "St Petersburg"]
[Date "2018.12.28"]
[Round "12"]
[White "Sudakova, Irina"]
[Black "Mkrtchian, Lilit"]
[Result "1-0"]
[WhiteElo "2313"]
[BlackElo "2392"]
[PlyCount "61"]
[EventDate "2018.12.26"]
[EventType "swiss (rapid)"]
[EventRounds "12"]
[EventCountry "RUS"]
[SourceTitle "CBM 187 Extra"]
[Source "ChessBase"]
[SourceDate "2018.11.04"]
[SourceVersion "1"]
[SourceVersionDate "2018.11.04"]
[SourceQuality "1"]

1. e4 e6 2. d4 d5 3. Bd3 c5 4. exd5 Qxd5 5. Nc3 Qxd4 6. Nf3 Qd8 7. Bf4 Nf6 8. Qe2 Bd6 9. Bb5+ Ke7 10. Rd1 Bxf4 11. Rxd8 Rxd8 12. 0-0 b6 13. Ne4 Bb7 14. Nxf6 gxf6 15. Bd3 Nc6 16. g3 Bc7 17. Bxh7 Kf8 18. Be4 f5 19. Bd3 Nb4 20. Bc4 Ke7 21. Ng5 Rd6 22. Qh5 Rf8 23. Nh7 Rd4 24. Nxf8 Rxc4 25. Nh7 Nxc2 26. Qg5+ Kd7 27. Nf6+ Kc6 28. Qg8 Be5 29. Qe8+ Kc7 30. Qxf7+ Kb8 31. Nd7+ 1-0

[Event "Wch Rapid (Women)"]
[Site "St Petersburg"]
[Date "2018.12.27"]
[Round "7"]
[White "Injac, Teodora"]
[Black "Sudakova, Irina"]
[Result "1-0"]
[WhiteElo "2325"]
[BlackElo "2313"]
[PlyCount "119"]
[EventDate "2018.12.26"]
[EventType "swiss (rapid)"]
[EventRounds "12"]
[EventCountry "RUS"]
[SourceTitle "CBM 187 Extra"]
[Source "ChessBase"]
[SourceDate "2018.11.04"]
[SourceVersion "1"]
[SourceVersionDate "2018.11.04"]
[SourceQuality "1"]

1. Nf3 d5 2. d4 e6 3. c4 c6 4. e3 Nf6 5. Nbd2 Nbd7 6. Bd3 Bd6 7. 0-0 0-0 8. e4 e5 9. cxd5 cxd5 10. Re1 dxe4 11. Nxe4 Nxe4 12. Bxe4 h6 13. Bc2 exd4 14. Qxd4 Qc7 15. Bxh6 Nf6 16. Rac1 Qb6 17. Bg5 Qxd4 18. Nxd4 Bc5 19. Bxf6 gxf6 20. Bh7+ Kxh7 21. Rxc5 Rd8 22. Nc2 Be6 23. a3 Rd2 24. Rc7 Rc8 25. Rxc8 Bxc8 26. Rc1 Be6 27. b4 Rd3 28. Ra1 Rd2 29. Ne3 b6 30. h3 f5 31. Nf1 Rb2 32. g3 f4 33. gxf4 Bxh3 34. Ne3 Be6 35. f5 Bb3 36. Kg2 Kh6 37. Kg3 Kg5 38. Rc1 a5 39. Rc6 axb4 40. f4+ Kh5 41. axb4 b5 42. Rc5 Ba4 43. Rc1 Kh6 44. Ng4+ Kg7 45. f6+ Kg6 46. Rc5 Rxb4 47. Rg5+ Kh7 48. Rg7+ Kh8 49. Rxf7 Bb3 50. Rf8+ Kh7 51. Ne5 Be6 52. Re8 Rb3+ 53. Kf2 Rb2+ 54. Ke3 Rb3+ 55. Kd4 Rb4+ 56. Kc5 Rxf4 57. Rxe6 b4 58. Rb6 b3 59. Rb7+ Kh6 60. Rxb3 1-0

[Event "Wch Rapid (Women)"]
[Site "St Petersburg"]
[Date "2018.12.26"]
[Round "1"]
[White "Stefanova, Antoaneta"]
[Black "Sudakova, Irina"]
[Result "1-0"]
[WhiteElo "2486"]
[BlackElo "2313"]
[PlyCount "67"]
[EventDate "2018.12.26"]
[EventType "swiss (rapid)"]
[EventRounds "12"]
[EventCountry "RUS"]
[SourceTitle "CBM 187 Extra"]
[Source "ChessBase"]
[SourceDate "2018.11.04"]
[SourceVersion "1"]
[SourceVersionDate "2018.11.04"]
[SourceQuality "1"]

1. d4 d5 2. Bf4 Nf6 3. e3 c6 4. c4 e6 5. Nc3 Bd6 6. Bg3 0-0 7. c5 Bxg3 8. hxg3 e5 9. dxe5 Ng4 10. Rh4 f5 11. exf6 Qxf6 12. Nf3 Na6 13. Qd4 Qxd4 14. exd4 Nb4 15. Rc1 Re8+ 16. Kd2 Nxf2 17. a3 a5 18. axb4 axb4 19. Nd1 Ne4+ 20. Kc2 g5 21. Rh2 g4 22. Ne5 Nxc5 23. dxc5 Rxe5 24. Bd3 h5 25. Kd2 Ra2 26. Bb1 Ra5 27. Ne3 Kg7 28. Rhh1 Be6 29. Rhe1 d4 30. Nc4 Rxe1 31. Nxa5 Re3 32. Nxb7 Bd5 33. Nd6 Rxg3 34. Nf5+ 1-0

[Event "Moscow Blondes-Brunettes m 8th"]
[Site "Moscow"]
[Date "2018.03.04"]
[Round "4.7"]
[White "Ambartsumova, Karina"]
[Black "Sudakova, Irina"]
[Result "0-1"]
[WhiteElo "2374"]
[BlackElo "2313"]
[PlyCount "138"]
[EventDate "2018.03.04"]
[EventType "schev (blitz)"]
[EventRounds "8"]
[EventCountry "RUS"]
[SourceTitle "CBM 183 Extra"]
[Source "ChessBase"]
[SourceDate "2018.04.19"]
[SourceVersion "1"]
[SourceVersionDate "2018.04.19"]
[SourceQuality "1"]
[WhiteTeam "Brunettes"]
[BlackTeam "Blondes"]
[WhiteTeamCountry "RUS"]
[BlackTeamCountry "RUS"]

1. e4 c5 2. Nf3 d6 3. d4 Nf6 4. Nc3 cxd4 5. Nxd4 Nc6 6. g3 e5 7. Nb3 Be7 8. Bg2 0-0 9. 0-0 a5 10. a4 Nb4 11. Bg5 Be6 12. Bxf6 Bxf6 13. Nd5 Nxd5 14. exd5 Bd7 15. Nd2 Qb6 16. b3 Rfc8 17. Ne4 Be7 18. c4 f5 19. Nc3 Bf6 20. Rc1 e4 21. Kh1 Qd4 22. Ne2 Qc5 23. Qd2 Ra6 24. Rb1 Rb6 25. f3 Re8 26. Rfe1 Ra6 27. Nf4 e3 28. Qd3 Raa8 29. Re2 g5 30. Nh5 Bh8 31. Rbe1 Bd4 32. Rd1 Bh8 33. Rde1 Bd4 34. Bh3 g4 35. Bg2 gxf3 36. Bxf3 Re7 37. Rd1 Bh8 38. Nf4 Rae8 39. Bh5 Rf8 40. Ng2 Bg7 41. Rxe3 Rxe3 42. Qxe3 Qxe3 43. Nxe3 f4 44. gxf4 Rxf4 45. Kg2 Be5 46. Bf3 Rh4 47. Rh1 Kf7 48. h3 h5 49. Nd1 Kg6 50. Nf2 Rd4 51. Rd1 Rxd1 52. Bxd1 Bf5 53. Kf3 h4 54. Kg2 Bd4 55. Bg4 Bc2 56. Bd1 Bf5 57. Bg4 Bc2 58. Bd1 Bf5 59. Ng4 Kg5 60. Nh2 Kf4 61. Nf1 Be4+ 62. Kh2 Bd3 63. Nd2 Ke3 64. Nf3 Bf6 65. Ng1 Kd2 66. Bg4 Kc3 67. Kg2 Kxb3 68. Kf3 Kxa4 69. Kf4 Kb4 0-1

[Event "Moscow Blondes-Brunettes m 8th"]
[Site "Moscow"]
[Date "2018.03.04"]
[Round "6.7"]
[White "Nechaeva, Marina"]
[Black "Sudakova, Irina"]
[Result "1-0"]
[WhiteElo "2425"]
[BlackElo "2313"]
[PlyCount "77"]
[EventDate "2018.03.04"]
[EventType "schev (blitz)"]
[EventRounds "8"]
[EventCountry "RUS"]
[SourceTitle "CBM 183 Extra"]
[Source "ChessBase"]
[SourceDate "2018.04.19"]
[SourceVersion "1"]
[SourceVersionDate "2018.04.19"]
[SourceQuality "1"]
[WhiteTeam "Brunettes"]
[BlackTeam "Blondes"]
[WhiteTeamCountry "RUS"]
[BlackTeamCountry "RUS"]

1. d4 d5 2. c4 e6 3. Nc3 c6 4. e3 Nf6 5. Nf3 Nbd7 6. Bd3 dxc4 7. Bxc4 b5 8. Bd3 Bb7 9. e4 a6 10. e5 Nd5 11. Nxd5 cxd5 12. 0-0 h6 13. a4 b4 14. a5 Bc6 15. Qe2 Qc8 16. Ne1 Qb7 17. Qg4 Bb5 18. Be3 Nb8 19. Rd1 Nc6 20. Bxb5 axb5 21. Nd3 Rxa5 22. Ra1 b3 23. Nf4 Ra4 24. Qh5 g6 25. Qd1 Na5 26. Rc1 Rc4 27. Ra1 Ra4 28. Qd3 Be7 29. Nxg6 fxg6 30. Qxg6+ Kd7 31. Bxh6 Qc8 32. Be3 Qg8 33. Qd3 Nc4 34. Qxb3 Rxa1 35. Rxa1 Qb8 36. g3 Rc8 37. Bf4 Rc7 38. h4 b4 39. Qa4+ 1-0